00589nam a2200169Ia 4500008004100000041000800041082001500049100002700064245002800091260003300119300000800152365001500160700002700175906003100202999001900233952016700252230718s9999 xx 000 0 und d aeng a794.1bPRI aPritchard B.D.9160750 aRight Way To Play Chess c1995bJaico Publishing House a223 cRs.b75.00 aPritchard B.D.9160750 dB:130504-Oct-1995cOTHb15 c294227d294227 00104070aCCEPbCCEPd1995-10-12eMehul Book DepotfOTHg60.00i1305l2o794.1pCCEP-BK-5432r2024-04-04 00:00:00s2024-03-23t15v75.00w1995-10-04yBKz005432